| 000 | 00599nam a22002057a 4500 | ||
|---|---|---|---|
| 999 |
_c16956 _d16956 |
||
| 003 | AR-CdUCM | ||
| 008 | 190506b ||||| |||| 00| 0 spa d | ||
| 040 |
_aMUNICIPALIDAD PROVINCIAL DEL CUSCO _cBIBLIOTECA MUNICIPAL DEL CUSCO |
||
| 082 |
_a891.4 / _bA78 |
||
| 100 |
_aArtzybacheff, Miguel _936725 |
||
| 245 | _aLos millonarios / | ||
| 260 |
_aChile : _bOsiris, _c1933. |
||
| 300 |
_a128 páginas ; _c20 cm. |
||
| 505 | _aContenido: Novela Rusa. | ||
| 650 |
_aNovela rusa _912025 |
||
| 650 |
_aRusia _9499 |
||
| 650 |
_aLiteratura rusa _99988 |
||
| 942 |
_2ddc _cLIBROS |
||
| 945 |
_adavv _d06/05/2019 |
||